The rise and progress of religion in the soul. (Record no. 2088)

000 -LEADER
fixed length control field 00524nam a2200169 a 4500
001 - CONTROL NUMBER
control field :::00019072$&:&@@
003 - CONTROL NUMBER IDENTIFIER
control field OkBaRHE
005 - DATE AND TIME OF LATEST TRANSACTION
control field 20100327145213.0
008 - FIXED-LENGTH DATA ELEMENTS--GENERAL INFORMATION
fixed length control field s1803 j 000 0 eng u
040 ## - CATALOGING SOURCE
Transcribing agency
100 1# - MAIN ENTRY--PERSONAL NAME
Personal name Doddridge, Philip (1702-1751)
245 14 - TITLE STATEMENT
Title The rise and progress of religion in the soul.
260 ## - PUBLICATION, DISTRIBUTION, ETC. (IMPRINT)
Place of publication, distribution, etc New York
Name of publisher, distributor, etc The American Tract Society
Date of publication, distribution, etc 1803
300 ## - PHYSICAL DESCRIPTION
Extent 452 p.
942 ## - ADDED ENTRY ELEMENTS (KOHA)
Source of classification or shelving scheme
Koha item type Books
Copies
Collection code Source of classification or shelving scheme Date acquired Full call number Lost status Barcode Copy number Withdrawn status Not for loan Date last seen Koha item type Permanent Location Shelving location Damaged status Price effective from
Reference 2010-04-14BV 4501 .D6 190721  2010-04-14BooksRHEMA Bible Training CollegeGeneral Stacks 2010-04-14